Szczegóły MARC21

The dialogues of Plato ; The seventh letter /

003 -Nazwa inst., której nr kontr. jest w polu 001 [,]
    • @
    • Nazwa instytucji, której n kontrolny jest w polu 001
    • NUKAT
005 -DATA I CZAS OSTATNIEJ MODYFIKACJI [,]
    • @
    • pole kontrolne
    • 20241231090638.0
040 -Instytucja sporządzająca opis [ , ]
    • a
    • Instytucja, która sporządziła opis (NP)
    • GD U/DC
    • c
    • Instytucja, która sporządziła rekord (NP)
    • GD U/DC
    • d
    • Instytucja, która zmodyfikowała rekord (P)
    • GD U/DC
041 -Język dokumentu [1, ]
    • a
    • Język tekstu (P)
    • angielski
    • h
    • Język tekstu oryginalnego i/lub pośredniego (P)
    • grecki, starożytny (do 1453)
942 -Rodzaj dokumentu [ , ]
    • c
    • Rodzaj dokumentu
    • Książka
100 -Hasło główne - nazwa osobowa [0, ]
    • a
    • Nazwa osobowa (NP)
    • Plato
    • d
    • Daty biograficzne (NP)
    • (427-347 p.n.e.).
    • 9
    • KHW
    • 86831
245 -Strefa tytułu i oznaczenia odpowiedzialności [1,4]
    • a
    • Tytuł
    • The dialogues of Plato ; Find
    • b
    • Ciąg dalszy tytułu (NP)
    • The seventh letter / Find
    • c
    • Pozostałe elementy strefy tytułu i oznaczenia odpowiedzialności (NP)
    • Plato.
260 -Strefa adresu wydawniczego [ , ]
    • a
    • Miejsce wydania (P)
    • Chicago :
    • b
    • Nazwa wydawcy (P)
    • William Benton :
    • b
    • Nazwa wydawcy (P)
    • Encyclopædia Britannica,
    • c
    • Data wydania (P)
    • cop. 1952.
300 -Strefa opisu fizycznego [ , ]
    • a
    • Określenie formy książki i/lub objętość (NP)
    • VII, 814 s. ;
    • c
    • Format (NP)
    • 24 cm.
336 -Typ zawartości [ , ]
    • a
    • Termin opisujący typ zawartości
    • Tekst
    • b
    • Kod określający zawartość
    • txt
    • 2
    • Źródło (terminu i kodu)
    • rdacontent
337 -Typ mediów [ , ]
    • a
    • Tryb odtwarzania
    • Bez urządzenia pośredniczącego
    • b
    • Kod typu mediów
    • n
    • 2
    • Źródło (terminu i kodu)
    • rdamedia
338 -Typ/rodzaj nośnika [ , ]
    • a
    • Hasło opisujące typ nośnika
    • Wolumin
    • b
    • Kod typu nośnika
    • nc
    • 2
    • Źródło (terminu i kodu)
    • rdacarrier
490 -Strefa serii i książki wielotomowej - forma nie do wyszukiwania [1, ]
    • a
    • Tytuł (P)
    • Great Books of the Western World ; Find
    • v
    • Numeracja (P)
    • 7
830 -Hasło dodatkowe serii i opisu książki wielotomowej - tytuł ujednolicony/tytuł [ ,0]
    • a
    • Tytuł ujednolicony/tytuł (NP)
    • Great Books of the Western World (1952)
    • v
    • Oznaczenie tomu (NP)
    • 7
    • 9
    • KHW
    • 649375
500 -Uwaga ogólna [ , ]
    • a
    • Uwaga ogólna (NP)
    • The dialogues of Plato tł. Benjamin Jowett, The seventh letter tł. J. Harward.
546 -Uwaga dot. języka [ , ]
    • a
    • Uwaga dot. języka
    • Tł. z greki.
080 -Uniwersalna Klasyfikacja Dziesiętna [ , ]
    • a
    • Symbol klasyfikacji
    • 871-92=20
080 -Uniwersalna Klasyfikacja Dziesiętna [ , ]
    • a
    • Symbol klasyfikacji
    • :141(38)"-04/-03"=20
980 -Symbol UKD [ , ]
    • a
    • UKD
    • 871-92:141(38)"-04/-03"]=20
700 -Hasło dodatkowe - nazwa osobowa [0,2]
    • a
    • Nazwa osobowa (NP)
    • Plato Find
    • d
    • Daty biograficzne (NP)
    • (427-347 p.n.e.).
    • t
    • Tytuł ujednolicony/tytuł (NP)
    • Epistolai. Find
    • n
    • Oznaczenie części (P)
    • 7
    • l
    • Język tekstu (NP)
    • (ang.)
    • 9
    • KHW
    • 649652
710 -Hasło dodatkowe - nazwa ciała zbiorowego [2, ]
    • a
    • Nazwa ciała zbiorowego lub nazwa geograficzna jako pierwszy element (NP)
    • Encyclopædia Britannica, Inc.
    • 4
    • Kod relacji
    • pbl
    • 9
    • KHW
    • 627939
Numer inwentarzowy Status udost. Data inwentaryzacji Lokalizacja Sygnatura
A.675912002-10-17BMANG. Filozofia 15